000 00746nam a2200229 i 4500
001 134523
003 ES-MaACL
005 20250816062537.0
007 t|
008 070911s1969 sp ||||1| spa d
100 1 _aWeber, Max.
_9116265
245 1 3 _aLa ética protestante y el espíritu del capitalismo /
_cMax Weber ; traducida por Luis Legaz Lacambra.
250 _a1ª ed.
260 _aBarcelona :
_bPenínsula,
_c1969.
300 _a262 p. ;
_c20 cm.
490 1 _aHistoria, ciencia, sociedad ;
_v47
650 4 _aCapitalismo-
_xAspectos religiosos.
_910761
700 1 _aLegaz Lacambra, Luis.
_971264
830 1 0 _aHistoria, ciencia, sociedad (Península)
_v47
_9177444
852 4 _aES-MaACL
_jC-39451
999 _c134523
_d134523